Índole / (Record no. 23472)

000 -CABECERA
fixed length control field 00590nam a22001937i 4500
003 - IDENTIFICADOR DEL NÚMERO DE CONTROL
control field AR-CdUCM
008 - DATOS DE LONGITUD FIJA--INFORMACIÓN GENERAL
fixed length control field 260121b20242024 pe||||| |||| 00| 0 spa d
020 ## - NÚMERO INTERNACIONAL ESTÁNDAR DEL LIBRO
ISBN 978-612-5013-16-3
040 ## - FUENTE DE LA CATALOGACIÓN
Agencia/entidad que catalogó originalmente la obra MUNICIPALIDAD PROVINCIAL DEL CUSCO
Entidad que transcribió la catalogación BIBLIOTECA MUNICIPAL DEL CUSCO
082 ## - NÚMERO DE LA CLASIFICACIÓN DECIMAL DEWEY
No. de la edición 2° Edición
No. de Clasificación ES / 869.35592 /
Notacion interna M23I
100 ## - ENTRADA PRINCIPAL--NOMBRE DE PERSONA
Nombre Personal Matto de Turner, Clorinda
245 ## - MENCIÓN DE TÍTULO
Título Índole /
260 ## - PUBLICACIÓN, DISTRIBUCIÓN, ETC.
Lugar de publicación, distribución, etc. Lince-Perú :
Nombre de la editorial, distribuidor, etc. Ed. Ana Peluffo
Fecha de publicación, distribución, etc. 2024
300 ## - DESCRIPCIÓN FÍSICA
Nº de Páginas Extensión 178 páginas. :
Dimensiones 22x14 cm.
505 ## - NOTA DE CONTENIDO CON FORMATO
Nota de contenido formateada Clerofobia y secularidad
942 ## - ELEMENTOS DE PUNTO DE ACCESO ADICIONAL (KOHA)
Fuente de clasificación
Tipo de item Libros-BMC
945 ## - PROCESAMIENTO DE INFORMACIÓN LOCAL (OCLC)
Catalogador pbjr
AAAA-MM-DD - Fecha de ingreso o modificacion 21-01-2026
Holdings
Estado de retiro (separado) Fuente de clasificación o esquema de estanterías Estado dañado Ubicación Sala donde se ubica Nombre de la colección Fecha de adquisición o compra Fuente de adquisición Costo, precio normal en soles Signatura topográfica Código de Barras Última vez visto (Koha) Tipo de ítem (Koha)
No     Administrador-biblioteca Administrador-biblioteca Book Cart 2026-01-21     ES / 869.35592 / M23I / e.2 SI00005084 2026-01-21 Libros-BMC
No     Sala de Infantes Sala de Infantes Book Cart 2026-01-21 Donación 15.00 ES / 869.35592 / M23I SI00005083 2026-01-21 Libros-BMC

Powered by Koha